[Event "Eurasia Cup op"]
[Site "Ekaterinburg"]
[Date "2019.08.09"]
[Round "9"]
[White "Odegov, Artem"]
[Black "Chekletsov, Egor"]
[Result "0-1"]
[WhiteElo "2261"]
[BlackElo "2088"]
[PlyCount "92"]
[EventDate "2019.07.31"]
[EventType "swiss"]
[EventRounds "9"]
[EventCountry "RUS"]
[SourceTitle "CBM 191 Extra"]
[Source "ChessBase"]
[SourceDate "2019.09.30"]
[SourceVersion "1"]
[SourceVersionDate "2019.09.30"]
[SourceQuality "1"]

1. d4 Nf6 2. c4 e6 3. Nc3 Bb4 4. Qc2 0-0 5. e4 d5 6. e5 Ne4 7. Bd3 c5 8. Nge2 Nc6 9. Bxe4 dxe4 10. dxc5 Nxe5 11. 0-0 f5 12. Rd1 Qh4 13. Bf4 Nd3 14. g3 Qg4 15. Rxd3 exd3 16. Qxd3 Bxc5 17. b3 b6 18. Be3 Qf3 19. Kf1 Bb7 20. Ng1 Qg2+ 21. Ke2 Rad8 22. Qc2 f4 23. Bxc5 bxc5 24. Rf1 fxg3 25. hxg3 Rf5 26. Ke1 Re5+ 27. Nge2 Qf3 28. Rg1 Rd3 29. Nd1 Be4 30. Qb2 Rh5 31. Ne3 Rh1 32. Qe5 h6 33. Qxe6+ Kh7 34. Qe5 Rxe3 35. fxe3 Bd3 36. Qb2 Qxe2+ 37. Qxe2 Rxg1+ 38. Kf2 Bxe2 39. Kxg1 Bd3 40. a3 a5 41. Kf2 Bc2 42. b4 axb4 43. axb4 cxb4 44. Ke1 Kg6 45. Kd2 b3 46. c5 Kf6 0-1

[Event "Eurasia Cup op"]
[Site "Ekaterinburg"]
[Date "2019.08.07"]
[Round "7"]
[White "Protopopova, Anastasiya"]
[Black "Chekletsov, Egor"]
[Result "1-0"]
[WhiteElo "2274"]
[BlackElo "2088"]
[PlyCount "73"]
[EventDate "2019.07.31"]
[EventType "swiss"]
[EventRounds "9"]
[EventCountry "RUS"]
[SourceTitle "CBM 191 Extra"]
[Source "ChessBase"]
[SourceDate "2019.09.30"]
[SourceVersion "1"]
[SourceVersionDate "2019.09.30"]
[SourceQuality "1"]

1. d4 Nf6 2. c4 e6 3. g3 d5 4. Bg2 Bb4+ 5. Bd2 Be7 6. Nf3 c6 7. Qc2 0-0 8. 0-0 Nbd7 9. Bf4 b6 10. cxd5 cxd5 11. Rc1 Ba6 12. Nc3 Ne8 13. a4 Nd6 14. Bxd6 Bxd6 15. Nb5 Nf6 16. Nd2 Rc8 17. Qb3 Qd7 18. e3 Rxc1+ 19. Rxc1 Rc8 20. Ra1 Bxb5 21. axb5 Bb8 22. Bf1 Ne8 23. Nf3 f6 24. Bh3 Kf7 25. Re1 Nd6 26. Qxd5 exd5 27. Bxd7 Rc2 28. Rb1 Ke7 29. Bc6 Ke6 30. Ne1 Rd2 31. Rc1 g5 32. Rc2 Rd1 33. Kf1 Nc4 34. Ke2 Rb1 35. e4 Nxb2 36. Bxd5+ Ke7 37. Ba2 1-0

[Event "Nezhmetdinov Memorial 41st"]
[Site "Kazan"]
[Date "2019.06.08"]
[Round "9"]
[White "Frolyanov, Dmitry"]
[Black "Chekletsov, Egor"]
[Result "1-0"]
[WhiteElo "2538"]
[BlackElo "2035"]
[PlyCount "113"]
[EventDate "2019.05.31"]
[EventType "swiss"]
[EventRounds "9"]
[EventCountry "RUS"]
[SourceTitle "CBM 190 Extra"]
[Source "ChessBase"]
[SourceDate "2019.07.15"]
[SourceVersion "1"]
[SourceVersionDate "2019.07.15"]
[SourceQuality "1"]

1. e4 c5 2. Nf3 d6 3. d4 cxd4 4. Nxd4 Nf6 5. Nc3 g6 6. Be3 Bg7 7. f3 0-0 8. Qd2 Nc6 9. Bc4 Bd7 10. h4 h5 11. 0-0-0 Rc8 12. Bb3 Ne5 13. Kb1 Nc4 14. Bxc4 Rxc4 15. g4 hxg4 16. h5 Nxh5 17. Rdg1 Qc8 18. Nd5 Re8 19. b3 Rc5 20. fxg4 Bxg4 21. Rh4 e6 22. Rhxg4 exd5 23. Nf5 d4 24. Bxd4 Rxe4 25. Nh6+ Kh7 26. Rxe4 Bxh6 27. Qe2 Bg7 28. Bxc5 Qxc5 29. Rh1 Bf6 30. Rc4 Qb5 31. a4 Qd7 32. Rxh5+ gxh5 33. Qxh5+ Kg7 34. Rg4+ Kf8 35. Qh6+ Ke7 36. Rg8 Be5 37. Qh4+ Bf6 38. Qe4+ Be5 39. Rb8 Qh3 40. Rxb7+ Kf6 41. Qe1 Ke6 42. Rxa7 f5 43. Qg1 Bf6 44. Rc7 Qg4 45. Qf1 f4 46. Rc4 Be5 47. a5 Qg3 48. Rc8 Qe3 49. Qc4+ d5 50. Qc6+ Kf5 51. Rf8+ Ke4 52. Qg6+ Kf3 53. Qd3 Kg2 54. Qxe3 fxe3 55. Re8 Bd4 56. c3 Bc5 57. Kc2 1-0

[Event "Nezhmetdinov Memorial 41st"]
[Site "Kazan"]
[Date "2019.05.31"]
[Round "1"]
[White "Tsydypov, Zhamsaran"]
[Black "Chekletsov, Egor"]
[Result "1-0"]
[WhiteElo "2546"]
[BlackElo "2035"]
[PlyCount "61"]
[EventDate "2019.05.31"]
[EventType "swiss"]
[EventRounds "9"]
[EventCountry "RUS"]
[SourceTitle "CBM 190 Extra"]
[Source "ChessBase"]
[SourceDate "2019.07.15"]
[SourceVersion "1"]
[SourceVersionDate "2019.07.15"]
[SourceQuality "1"]

1. e4 c5 2. Nf3 e6 3. b3 b6 4. Bb2 Bb7 5. Nc3 d6 6. d4 cxd4 7. Qxd4 Nc6 8. Bb5 a6 9. Bxc6+ Bxc6 10. 0-0-0 Qc7 11. Rhe1 0-0-0 12. Qd3 Bb7 13. Nd4 Nf6 14. f4 Be7 15. Qe2 Kb8 16. g4 d5 17. e5 Ne4 18. Nxe4 dxe4 19. a3 Bc5 20. f5 Bxd4 21. Bxd4 exf5 22. gxf5 Rxd4 23. Rxd4 Qxe5 24. Qf2 Ka8 25. Kb1 Rc8 26. Rd7 Rc7 27. Rxc7 Qxc7 28. Rd1 Ka7 29. Qg3 Qc5 30. Rd7 e3 31. Qf3 1-0

[Event "Budapest FS05 Nadassy"]
[Site "Budapest"]
[Date "2019.05.14"]
[Round "10.1"]
[White "Chekletsov, Egor"]
[Black "Szalanczy, Emil"]
[Result "0-1"]
[WhiteElo "2035"]
[BlackElo "2196"]
[PlyCount "102"]
[EventDate "2019.05.04"]
[EventType "schev"]
[EventRounds "10"]
[EventCountry "HUN"]
[SourceTitle "CBM 190 Extra"]
[Source "ChessBase"]
[SourceDate "2019.07.15"]
[SourceVersion "1"]
[SourceVersionDate "2019.07.15"]
[SourceQuality "1"]
[WhiteTeam "B Team Lower Elo"]
[BlackTeam "A Team Higher Elo"]
[WhiteTeamCountry "HUN"]
[BlackTeamCountry "HUN"]

1. d4 Nf6 2. c4 g6 3. Nc3 d5 4. cxd5 Nxd5 5. e4 Nxc3 6. bxc3 Bg7 7. Qa4+ Nd7 8. Nf3 0-0 9. Be2 Nb6 10. Qa3 c6 11. 0-0 Be6 12. Bf4 Bc4 13. Bxc4 Nxc4 14. Qb3 Na5 15. Qa3 Re8 16. Rad1 e6 17. Rb1 b6 18. Rfd1 Rc8 19. h3 Bf8 20. Qa4 b5 21. Qc2 Nc4 22. Qb3 Na3 23. Rbc1 a5 24. Bg3 f6 25. Bf4 a4 26. Qb2 Nc4 27. Qc2 Qe7 28. Qe2 Red8 29. e5 Rd5 30. exf6 Qxf6 31. Bg3 Bh6 32. Ra1 Bf4 33. Bxf4 Qxf4 34. Re1 Rf5 35. Qd3 Qd6 36. Re4 Rcf8 37. Rae1 R8f6 38. Qe2 Rxf3 39. gxf3 Kf7 40. Kg2 Qd7 41. Qc2 Qd5 42. Qe2 Qd7 43. Qc2 Qd5 44. Qe2 Qd7 45. Qc2 Nd6 46. Re5 Nf5 47. Qe4 Ne7 48. Qh4 Kg7 49. Qg4 Nd5 50. Rxe6 Rxe6 51. Rxe6 Qxe6 0-1

[Event "Budapest FS05 Nadassy"]
[Site "Budapest"]
[Date "2019.05.13"]
[Round "9.2"]
[White "Mayer, Istvan"]
[Black "Chekletsov, Egor"]
[Result "0-1"]
[WhiteElo "1894"]
[BlackElo "2035"]
[PlyCount "54"]
[EventDate "2019.05.04"]
[EventType "schev"]
[EventRounds "10"]
[EventCountry "HUN"]
[SourceTitle "CBM 190 Extra"]
[Source "ChessBase"]
[SourceDate "2019.07.15"]
[SourceVersion "1"]
[SourceVersionDate "2019.07.15"]
[SourceQuality "1"]
[WhiteTeam "A Team Higher Elo"]
[BlackTeam "B Team Lower Elo"]
[WhiteTeamCountry "HUN"]
[BlackTeamCountry "HUN"]

1. e4 c5 2. Nf3 e6 3. d4 cxd4 4. Nxd4 a6 5. c4 Nf6 6. Bd3 Nc6 7. Nxc6 dxc6 8. 0-0 e5 9. Nc3 Bc5 10. Be2 Bd4 11. Qd3 0-0 12. Bg5 h6 13. Bd2 Be6 14. h3 b5 15. Qg3 Kh8 16. Qh4 b4 17. Na4 Bxf2+ 18. Rxf2 Qxd2 19. Bf3 Qe3 20. b3 Kh7 21. Qg3 Rad8 22. Kh2 Nxe4 23. Qxe5 Qxf2 24. Qxe4+ Kg8 25. Qxc6 Rd2 26. Nc5 Rc8 27. Ne4 Qxf3 0-1

[Event "Hofheim Spring op 7th"]
[Site "Hofheim"]
[Date "2019.04.25"]
[Round "4"]
[White "Ricken, Katharina"]
[Black "Chekletsov, Egor"]
[Result "1/2-1/2"]
[WhiteElo "1921"]
[BlackElo "2055"]
[PlyCount "31"]
[EventDate "2019.04.23"]
[EventType "swiss"]
[EventRounds "9"]
[EventCountry "GER"]
[SourceTitle "CBM 190 Extra"]
[Source "ChessBase"]
[SourceDate "2019.07.15"]
[SourceVersion "1"]
[SourceVersionDate "2019.07.15"]
[SourceQuality "1"]

1. Nf3 d5 2. g3 Bg4 3. Bg2 c6 4. d4 Nf6 5. 0-0 Nbd7 6. Nbd2 e6 7. Re1 Bd6 8. e4 dxe4 9. Nxe4 Be7 10. Nxf6+ Nxf6 11. c3 0-0 12. Qb3 Bxf3 13. Bxf3 Qd7 14. Bg5 h6 15. Bxf6 Bxf6 16. Rad1 1/2-1/2

[Event "St Petersburg Korchnoi Memorial op"]
[Site "St Petersburg"]
[Date "2018.08.17"]
[Round "3"]
[White "Chekletsov, Egor"]
[Black "Shoker, Samy"]
[Result "0-1"]
[WhiteElo "2171"]
[BlackElo "2482"]
[PlyCount "88"]
[EventDate "2018.08.15"]
[EventType "swiss"]
[EventRounds "9"]
[EventCountry "RUS"]
[SourceTitle "CBM 186 Extra"]
[Source "ChessBase"]
[SourceDate "2018.08.24"]
[SourceVersion "1"]
[SourceVersionDate "2018.08.24"]
[SourceQuality "1"]

1. d4 d6 2. e4 g6 3. Nc3 Bg7 4. Be3 a6 5. Qd2 b5 6. f3 Nd7 7. Nge2 Bb7 8. g4 c5 9. Ng3 Rc8 10. h4 Qa5 11. h5 cxd4 12. Bxd4 Bxd4 13. Qxd4 Ne5 14. Be2 b4 15. Nd1 Rxc2 16. Ne3 b3+ 17. Kf2 Rd2 18. axb3 Rxd4 19. Rxa5 Nf6 20. hxg6 fxg6 21. Nc4 Nc6 22. Raa1 0-0 23. Ke3 Nd7 24. Rh2 Rb8 25. Rah1 Nf8 26. Na5 Rb4 27. Bc4+ Kg7 28. Nxb7 R8xb7 29. Bd5 Rxb3+ 30. Bxb3 Rxb3+ 31. Kd2 Nd4 32. Rh3 e5 33. Nf1 Rxb2+ 34. Kd3 a5 35. Nd2 a4 36. Nc4 Rb3+ 37. Kd2 a3 38. Ra1 Nb5 39. Rhh1 Ne6 40. Ra2 Rxf3 41. Rha1 Ned4 42. Nxa3 Nc3 43. Rb2 Nxe4+ 44. Ke1 Rh3 0-1

[Event "St Petersburg Korchnoi Memorial op"]
[Site "St Petersburg"]
[Date "2018.08.16"]
[Round "2"]
[White "Kombar, Mariya"]
[Black "Chekletsov, Egor"]
[Result "0-1"]
[WhiteElo "1765"]
[BlackElo "2171"]
[PlyCount "110"]
[EventDate "2018.08.15"]
[EventType "swiss"]
[EventRounds "9"]
[EventCountry "RUS"]
[SourceTitle "CBM 186 Extra"]
[Source "ChessBase"]
[SourceDate "2018.08.24"]
[SourceVersion "1"]
[SourceVersionDate "2018.08.24"]
[SourceQuality "1"]

1. e4 c5 2. Nf3 e6 3. d4 cxd4 4. Nxd4 a6 5. Nc3 Qc7 6. a3 Nf6 7. Be2 b5 8. f3 Bb7 9. 0-0 Bd6 10. g3 Nc6 11. Be3 Bxg3 12. hxg3 Qxg3+ 13. Kh1 Ng4 14. fxg4 Qh3+ 15. Kg1 Qxe3+ 16. Kg2 Nxd4 17. Qd3 Qxd3 18. Bxd3 Ke7 19. Rae1 Nc6 20. Nd5+ Kd6 21. Ne3 Ne5 22. Kg3 Ke7 23. Rd1 Rac8 24. Rfe1 h5 25. gxh5 Rxh5 26. Rh1 Rch8 27. Rxh5 Rxh5 28. a4 Nxd3 29. cxd3 bxa4 30. Ra1 Bc6 31. Nc4 d5 32. Nd2 dxe4 33. dxe4 Rb5 34. Rxa4 Rb3+ 35. Nxb3 Bxa4 36. Nc5 Bb5 37. e5 f6 38. exf6+ gxf6 39. Kf4 a5 40. Nb7 a4 41. Nc5 Bc6 42. Nd3 Kd6 43. Nf2 Kc5 44. Ke3 Kb4 45. Kd2 Kb3 46. Kc1 a3 47. bxa3 Kc3 48. Ng4 f5 49. Ne5 Bb5 50. Kd1 Kd4 51. Nf3+ Ke3 52. Nh4 f4 53. Ng2+ Kf3 54. Ne1+ Kg3 55. Kd2 f3 0-1

[Event "Pardubice op rapid 29th"]
[Site "Pardubice"]
[Date "2018.07.18"]
[Round "3"]
[White "Maltsevskaya, Aleksandra"]
[Black "Chekletsov, Egor"]
[Result "0-1"]
[WhiteElo "2261"]
[BlackElo "2123"]
[PlyCount "80"]
[EventDate "2018.07.18"]
[EventType "swiss (rapid)"]
[EventRounds "9"]
[EventCountry "CZE"]
[SourceTitle "CBM 185 Extra"]
[Source "ChessBase"]
[SourceDate "2018.07.29"]
[SourceVersion "1"]
[SourceVersionDate "2018.07.29"]
[SourceQuality "1"]

1. c4 Nf6 2. Nc3 c5 3. g3 g6 4. Bg2 Bg7 5. e4 Nc6 6. Nge2 d6 7. 0-0 0-0 8. a3 Nh5 9. Rb1 a5 10. d3 e5 11. Nd5 f5 12. b4 axb4 13. axb4 cxb4 14. exf5 Bxf5 15. Nxb4 Rc8 16. Nd5 Rb8 17. Nec3 Nf6 18. Nxf6+ Bxf6 19. Be3 Bg5 20. Bb6 Qd7 21. Rb5 Bg4 22. Qb3 Bf3 23. Ne4 Bxg2 24. Kxg2 Be7 25. Be3 Kg7 26. Rb1 Qe6 27. Qc3 Nd8 28. f4 Bf6 29. Rb6 exf4 30. Nxf6 Rxf6 31. Bxf4 Qe2+ 32. Kg1 Ne6 33. Re1 Nxf4 34. gxf4 Qg4+ 35. Kh1 Qf3+ 36. Kg1 Qxf4 37. Rb2 Rbf8 38. Rxb7+ Kg8 39. Rb2 Rf5 40. Rg2 Qf1+ 0-1

[Event "Chigorin Memorial 25th"]
[Site "St Petersburg"]
[Date "2017.10.21"]
[Round "1"]
[White "Chekletsov, Egor"]
[Black "Gubajdullin, Alexey"]
[Result "0-1"]
[WhiteElo "1970"]
[BlackElo "2391"]
[PlyCount "52"]
[EventDate "2017.10.21"]
[EventType "swiss"]
[EventRounds "9"]
[EventCountry "RUS"]
[SourceTitle "CBM 181 Extra"]
[Source "ChessBase"]
[SourceDate "2017.12.12"]
[SourceVersion "1"]
[SourceVersionDate "2017.12.12"]
[SourceQuality "1"]

1. d4 g6 2. e4 Bg7 3. f3 d5 4. e5 c5 5. c3 Nc6 6. Be3 Nh6 7. Bd3 Qb6 8. b3 cxd4 9. cxd4 Nxe5 10. Bc2 Neg4 11. Bxh6 Nxh6 12. Ne2 Nf5 13. Bxf5 Bxf5 14. Nbc3 Rc8 15. Qd2 Qa5 16. 0-0 0-0 17. Rfd1 Rc6 18. g4 Be6 19. Na4 Qxd2 20. Rxd2 b5 21. Nb2 Bh6 22. f4 Bxg4 23. Nd3 Bxe2 24. Rxe2 Bg7 25. Ne5 Bxe5 26. fxe5 Rfc8 0-1

[Event "RUS-chT blitz"]
[Site "Sochi"]
[Date "2017.10.05"]
[Round "13"]
[White "Kabanov, Nikolai"]
[Black "Chekletsov, Egor"]
[Result "1-0"]
[WhiteElo "2478"]
[BlackElo "1970"]
[PlyCount "109"]
[EventDate "2017.10.05"]
[EventType "team-swiss (blitz)"]
[EventRounds "15"]
[EventCountry "RUS"]
[SourceTitle "CBM 181 Extra"]
[Source "ChessBase"]
[SourceDate "2017.12.12"]
[SourceVersion "1"]
[SourceVersionDate "2017.12.12"]
[SourceQuality "1"]
[WhiteTeam "Khanty Mansyisk Yugra"]
[BlackTeam "Sverdlovsk Region"]
[WhiteTeamCountry "RUS"]
[BlackTeamCountry "RUS"]

1. Nc3 Nf6 2. Nf3 g6 3. e4 d6 4. d4 Bg7 5. Be2 0-0 6. 0-0 Nbd7 7. Be3 c5 8. d5 a6 9. a4 b6 10. Nd2 Rb8 11. f4 Qc7 12. Kh1 Bb7 13. Nc4 Bc8 14. Bf3 b5 15. axb5 axb5 16. Na5 b4 17. Ne2 Bb7 18. Nc4 Ra8 19. Qd2 Rfd8 20. c3 bxc3 21. Nxc3 Ba6 22. Be2 Bxc4 23. Bxc4 Nb6 24. Bb5 Nfd7 25. Bc6 Rxa1 26. Rxa1 Nb8 27. Bb5 N8d7 28. Bc6 Nb8 29. Nb5 Qc8 30. Na7 Qc7 31. Bb5 N8d7 32. Nc6 Ra8 33. Rxa8+ Nxa8 34. Nxe7+ Kf8 35. Nc6 Nab6 36. h3 h5 37. Qc2 Qb7 38. Qb3 Qa8 39. Qa3 Qb7 40. b3 Qa8 41. Qxa8+ Nxa8 42. Bd2 Nab6 43. Ba5 Bd4 44. g3 Kg7 45. Kg2 Kf6 46. Kf3 g5 47. fxg5+ Kxg5 48. Bd2+ Kf6 49. Bf4 Ne5+ 50. Nxe5 Bxe5 51. Be3 Nc8 52. g4 hxg4+ 53. Kxg4 Ne7 54. Bg5+ Kg6 55. Bxe7 1-0

[Event "RUS-chT blitz"]
[Site "Sochi"]
[Date "2017.10.05"]
[Round "15"]
[White "Sharafiev, Azat"]
[Black "Chekletsov, Egor"]
[Result "1-0"]
[WhiteElo "2432"]
[BlackElo "1970"]
[PlyCount "107"]
[EventDate "2017.10.05"]
[EventType "team-swiss (blitz)"]
[EventRounds "15"]
[EventCountry "RUS"]
[SourceTitle "CBM 181 Extra"]
[Source "ChessBase"]
[SourceDate "2017.12.12"]
[SourceVersion "1"]
[SourceVersionDate "2017.12.12"]
[SourceQuality "1"]
[WhiteTeam "Tatarstan Ladya"]
[BlackTeam "Sverdlovsk Region"]
[WhiteTeamCountry "RUS"]
[BlackTeamCountry "RUS"]

1. Nf3 Nf6 2. c4 c5 3. g3 g6 4. Bg2 Bg7 5. d4 cxd4 6. Nxd4 Nc6 7. Nc3 0-0 8. 0-0 Nxd4 9. Qxd4 d6 10. Bg5 h6 11. Bd2 a6 12. Rac1 Ng4 13. Qf4 Ne5 14. b3 Nc6 15. Rfd1 Be6 16. Be3 Qc8 17. Na4 g5 18. Qe4 Bf5 19. Qd5 Be6 20. Qd2 Qc7 21. h4 gxh4 22. Bxh6 f6 23. gxh4 Kh7 24. Bxg7 Kxg7 25. Rc3 Kf7 26. Rg3 Rh8 27. Qf4 Ne5 28. Nc3 Rag8 29. Nd5 Bxd5 30. Bxd5+ e6 31. Bg2 Rxg3 32. fxg3 Ke7 33. Qe4 b6 34. Qb7 Qxb7 35. Bxb7 a5 36. Bf3 Nxf3+ 37. exf3 f5 38. Kf2 e5 39. Rd5 Kd7 40. f4 Ke6 41. Kf3 e4+ 42. Kf2 Rg8 43. Rb5 Rb8 44. Ke3 Kf6 45. h5 Ke6 46. h6 Rh8 47. Rxb6 Rxh6 48. c5 Kd7 49. Rxd6+ Rxd6 50. cxd6 Kxd6 51. Kd4 Kc6 52. a3 Kb6 53. g4 fxg4 54. Kxe4 1-0

[Event "Paracin Summer op-A 10th"]
[Site "Paracin"]
[Date "2017.07.08"]
[Round "3.46"]
[White "Chekletsov, Egor"]
[Black "Tosic, Srecko"]
[Result "0-1"]
[WhiteElo "1999"]
[BlackElo "2326"]
[PlyCount "78"]
[EventDate "2017.07.07"]
[EventType "swiss"]
[EventRounds "9"]
[EventCountry "SRB"]
[SourceTitle "EXT 2018"]
[Source "ChessBase"]
[SourceDate "2017.10.13"]
[SourceVersion "1"]
[SourceVersionDate "2017.10.13"]
[SourceQuality "1"]

1. d4 d5 2. c4 c6 3. cxd5 cxd5 4. Nf3 Nf6 5. Nc3 Nc6 6. Bf4 Ne4 7. Qb3 Nxc3 8. bxc3 g6 9. e3 Bg7 10. Bd3 0-0 11. 0-0 Na5 12. Qb4 Be6 13. Nd2 b6 14. c4 dxc4 15. Nxc4 Nc6 16. Qd2 Bxc4 17. Bxc4 e5 18. Bb5 Na5 19. Bg3 exd4 20. exd4 a6 21. Be2 Nc6 22. Bf3 Nxd4 23. Rad1 Nxf3+ 24. gxf3 Qf6 25. Kg2 Rfd8 26. Qb4 b5 27. Rfe1 Rxd1 28. Rxd1 Rd8 29. Rxd8+ Qxd8 30. Qc5 h5 31. Bf4 Qf6 32. Be3 Qe6 33. Qc2 Kh7 34. Qd2 Qc6 35. Qe2 Qd5 36. Qc2 a5 37. Qb1 Qc4 38. Bd2 b4 39. Kg1 Qd5 0-1

[Event "Budapest FS03 IM"]
[Site "Budapest"]
[Date "2017.03.10"]
[Round "6"]
[White "Chekletsov, Egor"]
[Black "Sredojevic, Ivan"]
[Result "0-1"]
[WhiteElo "2106"]
[BlackElo "2367"]
[PlyCount "78"]
[EventDate "2017.03.04"]
[EventType "tourn"]
[EventRounds "9"]
[EventCountry "HUN"]
[SourceTitle "CBM 177 Extra"]
[Source "ChessBase"]
[SourceDate "2017.04.27"]
[SourceVersion "1"]
[SourceVersionDate "2017.04.27"]
[SourceQuality "1"]

1. d4 Nf6 2. c4 e6 3. Nf3 d5 4. Nc3 c6 5. cxd5 exd5 6. Bg5 Be7 7. e3 0-0 8. Qc2 Re8 9. Bd3 Nbd7 10. h3 Nf8 11. 0-0 g6 12. Bf4 Ne6 13. Bh2 Ng7 14. Rab1 a5 15. a3 Bf5 16. Ne5 Bxd3 17. Qxd3 Bd6 18. b4 axb4 19. axb4 Qe7 20. b5 c5 21. Nf3 Bxh2+ 22. Kxh2 Ra3 23. Ra1 Rea8 24. Rxa3 Rxa3 25. Kg1 c4 26. Qc2 Qb4 27. Rc1 Nf5 28. e4 dxe4 29. Nxe4 Nxe4 30. Qxe4 Qxb5 31. Rb1 Rb3 32. Ra1 c3 33. d5 Qc5 34. g4 Rb2 35. Qe8+ Kg7 36. Rf1 Rxf2 37. Rxf2 c2 38. gxf5 c1Q+ 39. Kg2 Qf4 0-1

[Event "Moscow op-A 13th"]
[Site "Moscow"]
[Date "2017.01.31"]
[Round "4"]
[White "Chapurin, Alexey V"]
[Black "Chekletsov, Egor"]
[Result "1-0"]
[WhiteElo "2305"]
[BlackElo "2196"]
[PlyCount "63"]
[EventDate "2017.01.28"]
[EventType "swiss"]
[EventRounds "9"]
[EventCountry "RUS"]
[SourceTitle "EXT 2018"]
[Source "ChessBase"]
[SourceDate "2017.10.13"]
[SourceVersion "1"]
[SourceVersionDate "2017.10.13"]
[SourceQuality "1"]

1. c4 c5 2. Nc3 g6 3. g3 Bg7 4. Bg2 Nc6 5. e4 e5 6. Nge2 Nge7 7. 0-0 0-0 8. d3 d6 9. Rb1 Be6 10. a3 Qd7 11. b4 b6 12. Nd5 Rac8 13. f4 f5 14. Be3 Nd4 15. fxe5 dxe5 16. bxc5 bxc5 17. Nec3 fxe4 18. Rxf8+ Rxf8 19. Nxe7+ Qxe7 20. Nxe4 Kh8 21. Qa4 Bg4 22. Qa5 Bf3 23. Bxd4 exd4 24. Bxf3 Rxf3 25. Qxc5 Qxc5 26. Nxc5 Rf8 27. Rb7 Ra8 28. Ne6 Be5 29. Ng5 Bg7 30. Kg2 h6 31. Ne6 Be5 32. Rd7 1-0